000 01783cam a22003374a 4500
001 13401994
005 20220326193313.0
008 031113s2003 sa ab bc 000 0 eng
010 _a 2003371454
020 _a1868383032
040 _aDLC
_cDLC
042 _apcc
043 _afb-----
_af-sa---
082 _a708.968
_bN475e
100 _aNettleton, Anitra C. E.;Charlton, Julia.;Rankin-Smith, Fiona.
_92201
245 0 0 _aEngaging modernities :
_btransformations of the commonplace : Standard Bank collection of African art (University of the Witwatersrand Art Galleries) /
_cessays by Anitra Nettleton, Julia Charlton, Fiona Rankin-Smith.
260 _aJohannesburg :
_bUniversity of the Witwatersrand Art Galleries,
_cc2003.
300 _a92 p. :
_bcol. ill., maps ;
_c29 cm.
504 _aIncludes bibliographical references (p. 92).
505 _tMaps
_t Forewords
_tIntroductions
_tMilitary and Missionary Modernity
_tImaging the self as modern
_tTransformed modernities
_tModernity Incorported
_tTraditional forms in Modern Materials
_tProducts
_tModernity and Contemporary
_tTraditional forms in modern materials
_tProducts
_tModernity and contemporary concerns
_tFurther readings
610 2 0 _aStandard Bank Limited
_xArt collections
_vExhibitions.
_91521
610 2 0 _aUniversity of the Witwatersrand.
_bArt Galleries
_vExhibitions.
_91522
650 0 _aArt, African
_y20th century
_vExhibitions.
_92202
650 0 _aPopular culture in art
_vExhibitions.
_92203
650 0 _aArt
_zSouth Africa
_zJohanesburg
_vExhibitions.
_91524
700 1 _aNettleton, Anitra C. E.
_91525
700 1 _aCharlton, Julia.
_91526
700 1 _aRankin-Smith, Fiona.
_91527
906 _a7
_bcbc
_corignew
_d3
_encip
_f20
_gy-gencatlg
999 _c459
_d459